Walt Disney's The brave little tailor (Record no. 5918)
[ view plain ]
| 000 -LEADER | |
|---|---|
| fixed length control field | 00854cam a2200265 4500 |
| 001 - CONTROL NUMBER | |
| control field | 811016 |
| 003 - CONTROL NUMBER IDENTIFIER | |
| control field | OCoLC |
| 005 - DATE AND TIME OF LATEST TRANSACTION | |
| control field | 20190111095359.0 |
| 008 - FIXED-LENGTH DATA ELEMENTS--GENERAL INFORMATION | |
| fixed length control field | 740129s1974 nyua j 000 1 eng |
| 020 ## - INTERNATIONAL STANDARD BOOK NUMBER | |
| International Standard Book Number | 0394825594 |
| -- | 0394925599 (lib. bdg.) |
| 040 ## - CATALOGING SOURCE | |
| Original cataloging agency | DLC |
| Transcribing agency | DLC |
| Modifying agency | BAKER |
| -- | BGU |
| 042 ## - AUTHENTICATION CODE | |
| Authentication code | lcac |
| 082 00 - DEWEY DECIMAL CLASSIFICATION NUMBER | |
| Classification number | 398.2 |
| 092 ## - LOCALLY ASSIGNED DEWEY CALL NUMBER (OCLC) | |
| Classification number | 398.2 |
| Item number | W231br |
| 245 00 - TITLE STATEMENT | |
| Title | Walt Disney's The brave little tailor |
| 246 30 - VARYING FORM OF TITLE | |
| Title proper/short title | Brave little tailor |
| 260 ## - PUBLICATION, DISTRIBUTION, ETC. | |
| Place of publication, distribution, etc. | New York, |
| Name of publisher, distributor, etc. | Random House |
| Date of publication, distribution, etc. | [1974] |
| 300 ## - PHYSICAL DESCRIPTION | |
| Extent | [41] p. |
| Other physical details | col. illus. |
| Dimensions | 25 cm |
| 490 0# - SERIES STATEMENT | |
| Series statement | Disney's wonderful world of reading ; |
| Volume/sequential designation | 18 |
| 520 ## - SUMMARY, ETC. | |
| Summary, etc. | When Mickey the tailor kills seven flies, everyone thinks they were seven giants and he inadvertently becomes the king's giant-killer |
| 650 #0 - SUBJECT ADDED ENTRY--TOPICAL TERM | |
| Topical term or geographic name entry element | Fairy tales |
| 710 2# - ADDED ENTRY--CORPORATE NAME | |
| Corporate name or jurisdiction name as entry element | Walt Disney Company |
| 787 1# - OTHER RELATIONSHIP ENTRY | |
| Main entry heading | Hungling Disney collection |
| 942 ## - ADDED ENTRY ELEMENTS (KOHA) | |
| Source of classification or shelving scheme | Dewey Decimal Classification |
| Koha item type | Books |
| Withdrawn status | Lost status | Source of classification or shelving scheme | Damaged status | Not for loan | Collection code | Home library | Current library | Shelving location | Date acquired | Cost, normal purchase price | Total Checkouts | Full call number | Barcode | Date last seen | Price effective from | Koha item type |
|---|---|---|---|---|---|---|---|---|---|---|---|---|---|---|---|---|
| Dewey Decimal Classification | Non-fiction | Harvest Mission College | Harvest Mission College | General Stacks | 11.01.2019 | 450.00 | 398.2 | 006732 | 11.01.2019 | 11.01.2019 | Books |
